Giáo trình Công nghệ Ô tô : (Phần Truyền lực) dùng cho trình độ trung cấp nghề và cao đẳng nghề /

Bộ giáo trình gồm 6 cuốn1.Giáo trình Công nghệ Ô tô- Phần Động cơ2.Giáo trình Công nghệ Ô tô- Phần Nhiên liệu3.Giáo trình Công nghệ Ô tô- Phần Điện4. Giáo trình Công nghệ Ô tô - Phần Truyền lực5. Giáo trình Công nghệ ô tô - Phần hệ...

ver descrição completa

Na minha lista:
Detalhes bibliográficos
Autor principal: Phạm Tố Như
Outros Autores: Nguyễn Hữu Cẩn (Tác giả)
Formato: Livro
Idioma:Vietnamese
Publicado em: H. : Lao động Kỹ thuật , 2012
Edição:In lần thứ 1
Assuntos:
Tags: Adicionar Tag
Sem tags, seja o primeiro a adicionar uma tag!
Thư viện lưu trữ: Thư viện Trường CĐ Kỹ Thuật Cao Thắng
LEADER 01709nam a2200241 a 4500
001 TVCDKTCT24006
003 Thư viện trường Cao đẳng Kỹ thuật Cao Thắng
005 20150324140955.7
008 050728
980 \ \ |a Thư viện Trường CĐ Kỹ Thuật Cao Thắng 
024 |a RG_1 #1 eb0 
020 # # |a 204026 
041 0 # |a vie 
082 # # |a 629.28 /   |b NG527C-t 
100 1 # |a Phạm Tố Như 
245 0 0 |a Giáo trình Công nghệ Ô tô : (Phần Truyền lực) dùng cho trình độ trung cấp nghề và cao đẳng nghề /   |c Phạm Tố Như, Nguyễn Đức Nam, Hoàng Văn Ba, Hoàng Văn Thông, Vũ Quang Huy, Đinh Quang Vinh, Phạm Ngọc Anh, Trần Nam Toàn, Lê Đình Đạt, Hà Thanh Sơn, Nguyễn Xuân Sơn, Nguyễn Thành Trung, Nguyễn Thái Sơn, Vũ Quang Anh, NGuyễn Văn Thông 
250 # # |a In lần thứ 1 
260 # # |a H. :   |b Lao động Kỹ thuật ,   |c 2012 
300 # # |a 254tr. ;   |c 24cm 
520 # # |a Bộ giáo trình gồm 6 cuốn1.Giáo trình Công nghệ Ô tô- Phần Động cơ2.Giáo trình Công nghệ Ô tô- Phần Nhiên liệu3.Giáo trình Công nghệ Ô tô- Phần Điện4. Giáo trình Công nghệ Ô tô - Phần Truyền lực5. Giáo trình Công nghệ ô tô - Phần hệ thống phanh6. Giáo trình công nghệ ô tô - Phần Chẩn đoán tình trạng kỹ thuật Động cơ và Công nghệ phục hồi chi tiết 
650 # 4 |a Cơ khí 
650 # 4 |a Ô tô--Máy móc 
700 0 # |a Nguyễn Hữu Cẩn,   |e Tác giả